Statistiche per Serie Tv - Quiz

Clicka qui per fare il quiz!

Statistiche generali

  • Questo quiz è stato fatto 888 volte
  • Il punteggio medio è 10 su 16

Statistiche sulle risposte

Risposta% Corretto
Friends
91%
La casa di carta
84%
How i met your mother
81%
Breaking Bad
80%
Sherlock
78%
Big Bang Theory
74%
Gomorra
74%
Grey's Anatomy
68%
stranger things
66%
Dottor House
65%
Trono di spade
65%
Una mamma per amica
58%
The Office
38%
Orange is the new black
34%
Lost
23%
X Files
13%

Distribuzione punteggi

Percentile per numero di risposta

Percentuale di utenti per punteggio

I tuoi punteggi nel tempo

Non hai fatto questo quiz